000 00465nam a2200157 i 4500
001 63129
003 ES-MaACL
005 20230906164806.0
007 t|
008 031128s1972 sp ||||1| cat d
100 1 _aFerra Martorell, Miguel.
_950224
245 1 3 _aLa Universitat
_b: novel-la curta /
_cMiguel Ferra Martorell.
260 _a[Palma de Mallorca :
_bs.n.,
_c1972] (
_fImp. Marqués)
300 _a72 p. ;
_c21 cm.
852 _aES-MaACL
_jC-46916
_bR.82123
999 _c63129
_d63129